All Joshua Bassett Songs - Statistics

General Stats
  • This quiz has been taken 347 times
    260 since last reset
  • The average score is 31 of 39
Answer Stats
Hint Answer % Correct
C/S/S EP (2021) Crisis
94%
Joshua Bassett EP (2021) Lie Lie Lie
92%
Sad Songs in a Hotel Room EP (2022) Sad Songs in a Hotel Room
92%
C/S/S EP (2021) Secret
92%
Single (2020) Common Sense
91%
C/S/S EP (2021) Set Me Free
90%
The Golden Years (2024) The Golden Years
90%
Sad Songs in a Hotel Room EP (2022) Lifeline
87%
Joshua Bassett EP (2021) Sorry
87%
Joshua Bassett EP (2021) Heaven is You
85%
Single (2022) I'm Sorry
85%
Single (2020) Anyone Else
84%
Single (2022) Would You Love Me Now?
84%
The Golden Years (2024) Dancing with Tears in My Eyes
83%
Single (2022) Different
82%
The Golden Years (2024) Little Rita
82%
Single (2022) She Said He Said She Said
82%
Sad Songs in a Hotel Room EP (2022) Smoke Slow
82%
Single (2023) Just Love
80%
Sad Songs in a Hotel Room EP (2022) L.A.
80%
The Golden Years (2024) Mirror
80%
The Golden Years (2024) Circles
78%
HSMTMTS Finally Free
78%
The Golden Years (2024) Look How Far You've Come
78%
Joshua Bassett EP (2021) Only a Matter of Time
78%
The Golden Years (2024) Wildfire
78%
Sad Songs in a Hotel Room EP (2022) All in Due Time
77%
The Golden Years (2024) Biting My Tongue
75%
Single (2021) Feel Something
75%
HSMTMTS Just for a Moment
75%
Joshua Bassett EP (2021) Telling Myself
74%
The Golden Years (2024) Cherry Blossom
73%
The Golden Years (2024) Don't Let Me Down (ft. Jenna Raine)
73%
Sad Songs in a Hotel Room EP (2022) Used to It
72%
The Golden Years (2024) Would Ya Tell Me
68%
Joshua Bassett EP (2021) Do it All Again
66%
HSMTMTS The Perfect Gift
53%
HSMTMTS Speak Out
41%
Single (2022) Döppleganger
36%
No matching quizzes found
Score Distribution
Percent of People with Each Score
Percentile by Number Answered
Your Score History
You have not taken this quiz since the last reset